000 00446nam a2200145Ia 4500
003 OSt
005 20260226104224.0
008 211028s2019 xx 000 0 und d
040 _cAIMIT LIBRARY
041 _aeng
100 _aNaseema; Jaims, Justine P.
_g1716116
_98094
245 _aStudy on employees perception on training with special reference to Big Bazaar Udupi /
260 _aMangalore
_bDeepika M Mascarenhas
_c2019
942 _2ddc
_cPRO
999 _c219662
_d219662